Indian literature : (Record no. 78057)
[ view plain ]
| 000 -LEADER | |
|---|---|
| fixed length control field | 00637nas a22002057a 4500 |
| 005 - DATE AND TIME OF LATEST TRANSACTION | |
| control field | 20130725130551.0 |
| 006 - FIXED-LENGTH DATA ELEMENTS--ADDITIONAL MATERIAL CHARACTERISTICS--GENERAL INFORMATION | |
| fixed length control field | a|||||r|||| 00| 0 |
| 007 - PHYSICAL DESCRIPTION FIXED FIELD--GENERAL INFORMATION | |
| fixed length control field | ta |
| 008 - FIXED-LENGTH DATA ELEMENTS--GENERAL INFORMATION | |
| fixed length control field | 130725b xxu||||| |||| 00| 0 eng d |
| 082 ## - DEWEY DECIMAL CLASSIFICATION NUMBER | |
| Classification number | 891 |
| 245 ## - TITLE STATEMENT | |
| Title | Indian literature : |
| Remainder of title | Sahitya Akademi's bi-monthly journal / |
| Statement of responsibility, etc | edited by Sunil Gangopadhyay |
| 260 ## - PUBLICATION, DISTRIBUTION, ETC. (IMPRINT) | |
| Place of publication, distribution, etc | New Delhi : |
| Name of publisher, distributor, etc | Sahitya Akademi , |
| Date of publication, distribution, etc | 1966- |
| 300 ## - PHYSICAL DESCRIPTION | |
| Extent | v. |
| Dimensions | 24 cm (Pbk) |
| 310 ## - CURRENT PUBLICATION FREQUENCY | |
| Current publication frequency | Bi-monthy |
| 362 ## - DATES OF PUBLICATION AND/OR SEQUENTIAL DESIGNATION | |
| Dates of publication and/or sequential designation | Vol 54 No. 6 (260) Nov/Dec 2010 |
| 650 ## - SUBJECT ADDED ENTRY--TOPICAL TERM | |
| Topical term or geographic name as entry element | Literature |
| Geographic subdivision | India |
| 700 ## - ADDED ENTRY--PERSONAL NAME | |
| Personal name | Gangopadhyay, Sunil, ed. |
| 270 ## - ADDRESS | |
| City | New Delhi |
| Postal code | 110001 |
| 942 ## - ADDED ENTRY ELEMENTS (KOHA) | |
| Source of classification or shelving scheme | Dewey Decimal Classification |
| Item type | Periodicals |
| Classification part | 891 |
| Call number suffix | IND |
| Serial record | 1 |
| Withdrawn status | Lost status | Source of classification or shelving scheme | Damaged status | Not for loan | Collection code | Home library | Current library | Date acquired | Total Checkouts | Full call number | Date last seen | Copy number | Price effective from | Koha item type |
|---|---|---|---|---|---|---|---|---|---|---|---|---|---|---|
| Dewey Decimal Classification | Not For Loan | Non-fiction | D.B.Act.Division | D.B.Act.Division | 25/07/2013 | 891 IND | 25/07/2013 | 1 | 25/07/2013 | Periodicals |
